| 000 | 00614nam a22001691cc4500 | ||
|---|---|---|---|
| 001 | aaaadap+11 | ||
| 035 | _aaaaadap | ||
| 008 | 170707s1995 gw |||| 000u ger d | ||
| 245 | 0 | 0 |
_aAkten zur deutschen auswärtigen Politik 1918-1945 _n11 _p5. August bis 31. Dezember 1924 |
| 264 |
_aGöttingen : _bVandenhoeck & Ruprecht, _c1995 |
||
| 246 | 1 | 2 |
_aAkten zur deutschen auswärtigen Politik 1918-1945. 5. August bis 31. Dezember 1924 _n11 |
| 773 | 0 | 8 |
_waaaadap _q11 |
| 856 | 4 | _uhttp://nbn-resolving.de/urn/resolver.pl?urn=urn:nbn:de:bvb:12-bsb00040131-1 | |
| 942 | _cMG | ||
| 040 | _cRU-10907106 | ||
| 003 | RU-10907106 | ||
| 999 |
_c46462 _d46462 |
||